| 000 | 00000nam 2200000zi 4500 |
| 001 | 9.922338 |
| 003 | CaOODSP |
| 005 | 20250915104759 |
| 006 | m o d f |
| 007 | cr ||||||||||| |
| 008 | 230505e202304 qucao ob f000 0 eng d |
| 020 | |a9780660485836 |
| 040 | |aCaOODSP|beng|erda|cCaOODSP |
| 043 | |an-cn--- |
| 086 | 1 |aR62-593/2023E-PDF |
| 100 | 1 |aPatriquin, Krista, |eauthor. |
| 245 | 10|aWelfare and handling recommendations for bat censuses in Canada / |cprepared by Krista Patriquin, Lori Phinney, Scott McBurney, Dave McRuer, Canadian Wildlife Health Cooperative, Atlantic Region, and Canadian Bat Welfare Working Group. |
| 264 | 1|a[Gatineau, QC] : |bParks Canada = Parcs Canada,|cApril 2023. |
| 300 | |a1 online resource (74 pages) : |billustrations, photographs |
| 336 | |atext|btxt|2rdacontent |
| 337 | |acomputer|bc|2rdamedia |
| 338 | |aonline resource|bcr|2rdacarrier |
| 500 | |aIssued also in French under title: Recommandations en matière de bien-être et de manipulation pour dénombrer les chauves-souris au Canada. |
| 504 | |aIncludes bibliographical references (pages 63-72). |
| 650 | 0|aBats|zCanada. |
| 710 | 2 |aParks Canada, |eissuing body. |
| 775 | 08|tRecommandations en matière de bien-être et de manipulation pour dénombrer les chauves-souris au Canada / |w(CaOODSP)9.922340 |
| 856 | 40|qPDF|s3.05 MB|uhttps://publications.gc.ca/collections/collection_2023/pc/R62-593-2023-eng.pdf |